Capitales des pays en L - Statistiques

Statistiques générales
  • Ce quiz a été pris 99 fois
  • Le résultat moyen est 7 sur 9
Statistiques - réponses
Pays Capitales % Correct
Luxembourg Luxembourg
100%
Lettonie Riga
94%
Liban Beyrouth
89%
Lituanie Vilnius
89%
Liechtenstein Vaduz
84%
Libye Tripoli
82%
Laos Vientiane
63%
Libéria Monrovia
47%
Lesotho Maseru
42%
Aucun quiz correspondant
Distribution des résultats
% des personnes avec chaque résultat
Percentile par nombre de réponses
Votre historique - résultats
Vous n’avez pas pris ce quiz